Leninskou cestou a leninským spôsobom pri ďalšej výstavbe rozvinutej socialistickej spoločnosti v ČSSR

Bibliographic Details
Main Author: Jakeš, Miloš, 1922-2020 (Author)
Format: Article
Language:Slovak
Subjects:

MARC

LEADER 00000nab a2200000 a 4500
001 vtls000175296
003 SK-MaSNL
005 20260302210305.0
008 111104c1983 xo 0 slo
015 |a SNBRB19rr/mm-uuuuu 
035 |a CL0185409 
040 |a SNKBUCL  |b slo  |c SNKBUCL  |e AACR2 
041 0 |a slo 
044 |a xo  |c SK 
080 |a 1 100.582.3(437)  |2 1981 
100 1 |a Jakeš, Miloš,  |d 1922-2020  |4 aut  |9 197851 
245 1 0 |a Leninskou cestou a leninským spôsobom pri ďalšej výstavbe rozvinutej socialistickej spoločnosti v ČSSR  |c Miloš Jakeš 
650 0 7 |a spoločnosť socialistická rozvinutá  |2 snkbucl  |9 921587 
650 0 7 |a ČSSR  |2 snkbucl  |9 335647 
655 7 |a články z novín a časopisov  |2 snkbucl  |9 267496 
773 0 |t Život strany  |g Č. 17 (1983), s. 4-7 
850 |a Slovenská národná knižnica v Martine  |a MTA001 
852 |a SNK  |b KIS3GCP 
958 |a RK 
992 |a RBX 
999 |c 1481921  |d 1483851